Dịch viết 1/ダナン外大作成の「翻訳1」 Dịch viết 1

Enregistré dans:
Détails bibliographiques
Format: Livre
Langue:Japanese
Sujets:
Tags: Ajouter un tag
Pas de tags, Soyez le premier à ajouter un tag!
Thư viện lưu trữ: Mạng thư viện Đại học Đà Nẵng
LEADER 01054nam a22003011a 4500
001 000036277
003 12572
005 20160330000000.0
008 160330s0 000 jpn
041 |a jpn 
082 |a 495.682  |b KH-N  |2 Dịch viết 1 
245 |a Dịch viết 1/ダナン外大作成の「翻訳1」  |c Khoa N-H-T  |n Dịch viết 1 
300 |a 70tr . : mh ; 30cm 
650 |a Dịch viết 1, ダナン外大作成の「翻訳1」, 4170283 ,4170293 
852 |b Chuyên đề  |c Giáo trình 
OWN |a LNN 
AVA |a UDN50  |b LNN  |d 495.682 KH-N  |e available  |t Error 5001 Not defined in file expand_doc_bib_avail.  |f 1  |g 0  |h N  |i 0  |k 1 
999 |a From the UDN01 
AVA |a UDN50  |b LNN  |d 495.682 KH-N  |e available  |t Error 5001 Not defined in file expand_doc_bib_avail.  |f 1  |g 0  |h N  |i 0  |k 1 
TYP |a Monograph 
TYP |a Printed language 
980 |a Mạng thư viện Đại học Đà Nẵng